Especificación e implementación de plantas eléctricas para baja tensión
Gardado en:
| Autor Principal: | |
|---|---|
| Formato: | Libro |
| Publicado: |
[San José, Costa Rica]
2008
|
| Materias: | |
| Etiquetas: |
Engadir etiqueta
Sen Etiquetas, Sexa o primeiro en etiquetar este rexistro!
|
MARC
| LEADER | 00000nam a2200000Ia 4500 | ||
|---|---|---|---|
| 003 | 010360 | ||
| 005 | 20221231144057.0 | ||
| 008 | 140114s2008 c a 000 ||s d | ||
| 040 | |c cru CEDI | ||
| 090 | |a TFG 5698 | ||
| 100 | |a Bolaños Vásquez, Jeremy |9 4252 | ||
| 245 | |a Especificación e implementación de plantas eléctricas para baja tensión | ||
| 260 | |c 2008 |b [San José, Costa Rica] | ||
| 300 | |a ix, 118 hojas; ilustraciones | ||
| 500 | |a Proyecto de graduación (bachillerato en ingeniería eléctrica)--Universidad de Costa Rica. Facultad de Ingeniería. Escuela de Ingeniería Eléctrica | ||
| 650 | |x INGENIERÍA ELÉCTRICA |x SISTEMAS DE ENERGIA ELECTRICA |x CENTRALES ELECTRICAS |x DISEÑO |9 4253 | ||
| 942 | |c TFG | ||
| 999 | |c 16561 |d 16561 | ||
